Länder Flagge + Umriss Quiz #4 - Statistiken

Allgemein
  • Dieses Quiz wurde 23.808 mal gespielt
  • Das Durchschnittsergebnis liegt bei 11 aus 16
Antwortstatistiken
Bildquiz Antwort % Korrekt
Frankreich
100%
Schweden
99%
Albanien
94%
Rumänien
90%
Jamaika
89%
Marokko
89%
Chile
79%
Indonesien
77%
Armenien
64%
Singapur
63%
Usbekistan
56%
Tansania
47%
Palau
42%
Eswatini
41%
Burundi
39%
Salomonen
28%
Keine übereinstimmenden Quizze gefunden
Verteilung der Resultate
Anzahl Personen mit jedem Resultat
Perzentil nach korrekt beantworteten Fragen
Ihre Resultats-Entwicklung
Sie haben dieses Quiz noch nicht gespielt